Datum a čas kvízu

32.5 Celkem bodů Celkový počet nahraných bodů na tomto kvízu bez doplňovacích otázek.
2. Pořadí na kvízu Konečné umístění týmu na tomto kvízu.

Zaznamenané odpovědi

# Otázka Odpověď Body Výsledky
1. Napište čtyři slova, jimiž něk... Společnost pro podporu Ukrajiny 0
2. Která velká evropská země schv... Francie 1
3. Která moderátorka oznámila, že... Lucie Výborná 1
4. Který známý šéfkuchař oznámil... Emanuele Ridi 1
5. Brankář Anatolij Trubin v posl... Benfica Lisabon 1
6. Na obrázku níže můžete vidět d... Drákula a Frankenstein 0.5
7. Co by to bylo za hororové téma... D 1
8. Ze které (převážně videoherní)... Silent Hill 1
9. Přiřaďte herce a herečky k jej... 1D 2A 3B 4C 0
10. Čím je inspirován česko-americ... D 1